000 00526nam a2200193Ia 4500
003 GCL
008 140319s9999 xx 000 0 eng d
040 _aGCL /
_cGCL
082 0 4 _a309.829
_bG C
100 1 _aTAWEREY, DAVID
245 1 0 _aCHRONICLE FASCINATING PEOPLE AND MEMORABLE EVENTS OF 1996 /
_cTAWEREY, DAVID
700 1 _aGRAN, REG
700 1 _aVARGO, FRANCES
260 _a[S.N] :
_bDARLING KINDERSLEY ،
_c1996
300 _a112 P
650 0 4 _aHISTORY
650 0 4 _aEVENT HISTORY ANALYSIS
942 _2ddc
_cBK
999 _c16067
_d16067